| 000 | 01000nam a2200289 c 4500 | ||
|---|---|---|---|
| 003 | BLK | ||
| 005 | 20180413120737.0 | ||
| 008 | 180413b bul|||||r ||||||| ||bul|| | ||
| 010 | _aKNG00025607000 | ||
| 020 |
_a954-474-130-5 _bиздат.: Кибеа |
||
| 040 | _aBLK | ||
| 041 |
_aBUL _cBUL |
||
| 080 |
_aФизикални средства. Лечение с природни средства _b615.83 _x(035) _z615.83(035) |
||
| 139 |
_aПриродна медицина _bП 88 |
||
| 245 | 1 | 0 |
_aПриродна медицина _bПрактическо ръководство за здраве и лечение |
| 260 |
_аСофия _bКибеа _c1998 |
||
| 300 |
_a352 с. _bс ил. _c24 см |
||
| 380 | _a61 | ||
| 490 | 1 | _aЗдраве | |
| 500 | _aДеп. списък: депозит сп.1 | ||
| 653 | _aмедицина | ||
| 852 | _aЦб 198874 | ||
| 856 | 4 |
_qpdf _u |
|
| 856 | 4 |
_qpdf _u |
|
| 942 |
_cKNG _n0 |
||
| 944 |
_aCR _c15.01.2003 _kКети_Илиева |
||
| 944 |
_aED _c14.09.2007 _k |
||
| 999 |
_c23134 _d23134 |
||